00530nam a22001817a 450000500170000001000140001702000260003103500130005703700130007008200120008310000180009524500710011326000400018427000640022430000320028870000250032070000030034520100809164934.0 aENG-99157 a9789380624006c270.00 aEN-82689 bDBAD/PUB a515.353 aSangeetha, G. aTransforms and partial differential equations /b cby G.Sangeetha aChennaibJaitech Publicationsc2009 a49, Chellapillayar Koil street, RoyapettahbChennaie600014 avarious pagingsc21cm (pbk) aVenkataramaiah, M.S.